[Event "USCL Week 5"]
[Site "Internet Chess Club"]
[Date "2014.09.23"]
[Round "?"]
[White "Ivanov, Alexander"]
[Black "Sadorra, Julio"]
[Result "1/2-1/2"]
[WhiteElo "2589"]
[BlackElo "2685"]
[PlyCount "82"]
[EventDate "2014.??.??"]

1. e4 e6 2. d4 d5 3. Nd2 Be7 4. c3 c5 5. dxc5 Bxc5 6. Nb3 Bb6 7. exd5 exd5 8.
Qe2+ Ne7 9. Be3 Bxe3 10. Qxe3 O-O 11. Nf3 Nbc6 12. Bd3 Nf5 13. Qf4 Re8+ 14. Kf1
Nce7 15. h4 Ng6 16. Qd2 Ngxh4 17. Nxh4 Nxh4 18. Bxh7+ Kxh7 19. g3 Re4 20. Re1
Kg8 21. Rxe4 Nf3 22. Reh4 Nxh4 23. Rxh4 Bf5 24. Nd4 Qf6 25. Kg1 Be4 26. f3 Bb1
27. a3 Re8 28. Kf2 Re5 29. Rh1 Bg6 30. Qf4 Qe7 31. Qh4 f6 32. Qh8+ Kf7 33. Qc8
Bd3 34. g4 Kg6 35. Qg8 Re2+ 36. Nxe2 Qxe2+ 37. Kg3 Qe5+ 38. Kf2 Qe2+ 39. Kg3
Qe5+ 40. Kf2 Qe2+ 41. Kg3 Qe5+ 1/2-1/2

[Event "USCL Week 5"]
[Site "Internet Chess Club"]
[Date "2014.09.24"]
[Round "?"]
[White "Wheeler, Cameron"]
[Black "Gaston Andretta, Carlos"]
[Result "1-0"]
[WhiteElo "2368"]
[BlackElo "2228"]
[PlyCount "94"]
[EventDate "2014.??.??"]

1. c4 e6 2. g3 d5 3. Bg2 Nf6 4. Nf3 Be7 5. O-O O-O 6. d4 c6 7. Qc2 Nbd7 8. Nbd2
b6 9. e4 Bb7 10. e5 Ne8 11. Re1 Rc8 12. Nf1 c5 13. cxd5 Bxd5 14. Qe2 cxd4 15.
Nxd4 Bxg2 16. Kxg2 Nxe5 17. Qxe5 Bf6 18. Nxe6 Bxe5 19. Nxd8 Bb8 20. Bg5 f6 21.
Ne6 fxg5 22. Nxf8 Kxf8 23. Rac1 Rd8 24. Rcd1 Rxd1 25. Rxd1 Ke7 26. Ne3 g6 27.
Rd5 h6 28. Ng4 h5 29. Ne5 Ke6 30. Rd8 Bxe5 31. Rxe8+ Kf5 32. b4 a5 33. bxa5
bxa5 34. h3 Bc3 35. Kf3 g4+ 36. hxg4+ hxg4+ 37. Ke3 Bb4 38. Kd4 Bd2 39. Re2 Bb4
40. Re5+ Kf6 41. Re4 Kf5 42. Rf4+ Kg5 43. Ke5 Be1 44. Ke6 Bc3 45. Re4 Kh5 46.
Kf7 Bb4 47. Re6 Bc5 1-0

[Event "USCL Week 5"]
[Site "Internet Chess Club"]
[Date "2014.09.24"]
[Round "?"]
[White "Casella, Michael"]
[Black "Miller, Jake"]
[Result "1-0"]
[WhiteElo "2262"]
[BlackElo "2213"]
[PlyCount "81"]
[EventDate "2014.??.??"]

1. e4 c5 2. Nf3 Nc6 3. d4 cxd4 4. Nxd4 g6 5. Nc3 Bg7 6. Be3 Nf6 7. Bc4 O-O 8.
Bb3 a5 9. O-O Nxd4 10. Bxd4 d6 11. Qe2 Bd7 12. Rad1 a4 13. Bc4 Bc6 14. e5 dxe5
15. Bxe5 Qc8 16. a3 Rd8 17. Nb5 Rxd1 18. Rxd1 Qg4 19. Qxg4 Nxg4 20. Bxg7 Kxg7
21. Nd4 Rc8 22. Be2 Nf6 23. c3 e5 24. Nxc6 Rxc6 25. f3 Rc5 26. Rd8 Nd5 27. Kf2
b5 28. Ra8 Nc7 29. Ra5 Rd5 30. Ke1 Kf6 31. c4 bxc4 32. Rxa4 c3 33. bxc3 Rc5 34.
Rc4 Rxc4 35. Bxc4 Ke7 36. a4 f6 37. Kd2 Kd6 38. Bg8 h6 39. Kd3 Kc5 40. Bf7 g5
41. Ke4 1-0

[Event "USCL Week 5"]
[Site "Internet Chess Club"]
[Date "2014.09.24"]
[Round "?"]
[White "Hoyos, Carlos"]
[Black "Banik, Siddharth"]
[Result "0-1"]
[WhiteElo "2098"]
[BlackElo "2236"]
[PlyCount "74"]
[EventDate "2014.??.??"]

1. c4 Nf6 2. Nc3 d5 3. cxd5 Nxd5 4. g3 g6 5. Bg2 Nb6 6. d3 Bg7 7. Be3 O-O 8.
Qd2 e5 9. Rc1 Re8 10. Nf3 Nc6 11. Bh6 Rb8 12. h4 Bg4 13. Nh2 Be6 14. h5 Qe7 15.
Nf3 f6 16. hxg6 hxg6 17. Ne4 g5 18. Nexg5 fxg5 19. Nxg5 Bd5 20. Bxd5+ Nxd5 21.
Bxg7 Qxg7 22. Rh7 Qg6 23. Rc4 Nd4 24. e4 Qxh7 25. Nxh7 Nf3+ 26. Ke2 Nxd2 27.
Kxd2 Kxh7 28. exd5 Re7 29. Ke3 Rd8 30. Ke4 c6 31. dxc6 Rd4+ 32. Rxd4 exd4+ 33.
Kd5 bxc6+ 34. Kxd4 Re2 35. Kc5 Rxf2 36. Kxc6 Rxb2 37. a4 a5 0-1

[Event "USCL Week 5"]
[Site "Internet Chess Club"]
[Date "2014.09.24"]
[Round "?"]
[White "Naroditsky, Daniel"]
[Black "Becerra, Julio"]
[Result "1/2-1/2"]
[WhiteElo "2675"]
[BlackElo "2626"]
[PlyCount "75"]
[EventDate "2014.??.??"]

1. e4 e5 2. Nf3 Nc6 3. Bb5 a6 4. Ba4 Nf6 5. O-O Be7 6. Re1 b5 7. Bb3 d6 8. c3
O-O 9. h3 Nb8 10. d4 Nbd7 11. Nbd2 Bb7 12. Bc2 Re8 13. a4 c5 14. d5 c4 15. b3
cxb3 16. Nxb3 Qc7 17. Bd2 bxa4 18. Rxa4 Nb6 19. Ra2 Nc4 20. Bd3 Nd7 21. Bxc4
Qxc4 22. Qc2 Bd8 23. Be3 Rc8 24. Rb1 Qxc3 25. Qxc3 Rxc3 26. Na5 Bxa5 27. Rxb7
Nc5 28. Rbb2 Bc7 29. Bxc5 Rxc5 30. Rxa6 Kf8 31. Rb7 Rb8 32. Rxb8+ Bxb8 33. Nd2
Ke7 34. Nb3 Rc2 35. Na5 Bc7 36. Rc6 Rxc6 37. Nxc6+ Kf6 38. g3 1/2-1/2

[Event "USCL Week 5"]
[Site "Internet Chess Club"]
[Date "2014.09.24"]
[Round "?"]
[White "Gonzalez, Renier"]
[Black "Liou, Yian"]
[Result "0-1"]
[WhiteElo "2510"]
[BlackElo "2475"]
[PlyCount "66"]
[EventDate "2014.??.??"]

1. e4 c5 2. Nf3 g6 3. g3 Bg7 4. Bg2 Nc6 5. O-O e5 6. d3 Nge7 7. a3 O-O 8. c3 d6
9. b4 h6 10. Nbd2 b6 11. Re1 Be6 12. Bb2 Qd7 13. Rb1 Rac8 14. d4 exd4 15. cxd4
cxd4 16. b5 Ne5 17. Bxd4 Rfd8 18. a4 Bg4 19. Ba1 Rc5 20. Qb3 Be6 21. Qd1 Bg4
22. Qb3 Be6 23. Qe3 Rdc8 24. Nd4 Bh3 25. Bh1 Nc4 26. Qd3 Nxd2 27. Qxd2 Rc4 28.
a5 bxa5 29. Ne2 Bxa1 30. Rxa1 Qxb5 31. Qxd6 Qc5 32. Qd2 Rc2 33. Qxh6 Bg4 0-1

[Event "USCL Week 5"]
[Site "Internet Chess Club"]
[Date "2014.09.24"]
[Round "?"]
[White "Martirosov, Vadim"]
[Black "Duckworth, Mark"]
[Result "1-0"]
[WhiteElo "2381"]
[BlackElo "2316"]
[PlyCount "67"]
[EventDate "2014.??.??"]

1. d4 Nf6 2. Nf3 d6 3. c4 Bg4 4. g3 Bxf3 5. exf3 Nbd7 6. Bg2 c6 7. O-O e6 8.
Nc3 Be7 9. f4 O-O 10. Be3 Re8 11. Qd3 g6 12. h3 d5 13. c5 Nh5 14. Bf3 Ng7 15.
g4 f6 16. b4 Kh8 17. Qd2 Rf8 18. Rfe1 e5 19. Rad1 e4 20. Bg2 a6 21. Nxe4 dxe4
22. d5 cxd5 23. Qxd5 Nxc5 24. bxc5 Qxd5 25. Rxd5 f5 26. Rd7 Rfe8 27. Rb1 Rad8
28. Rbxb7 Rxd7 29. Rxd7 Bf6 30. Bf1 a5 31. c6 Ne6 32. c7 Rc8 33. g5 Bc3 34. Bb6
1-0

[Event "USCL Week 5"]
[Site "Internet Chess Club"]
[Date "2014.09.24"]
[Round "?"]
[White "Proleiko, Julian"]
[Black "Noble, Matthew"]
[Result "0-1"]
[WhiteElo "1954"]
[BlackElo "2084"]
[PlyCount "108"]
[EventDate "2014.??.??"]

1. d4 Nf6 2. c4 g6 3. Nc3 Bg7 4. Nf3 O-O 5. Bf4 d6 6. e3 Nc6 7. h3 a6 8. Be2
Nd7 9. O-O e5 10. Bh2 Re8 11. Rc1 b6 12. a3 Bb7 13. b4 Ra7 14. Qd2 Bh6 15. Rfd1
exd4 16. Nxd4 Nxd4 17. Qxd4 Bg7 18. Qd2 a5 19. Nb5 Ra8 20. Bxd6 cxd6 21. Nxd6
Bxg2 22. Nxe8 Bxh3 23. Bf1 Qg5+ 24. Kh2 Bxf1 25. Rxf1 Qh4+ 26. Kg2 Qg4+ 27. Kh2
Rxe8 28. Qd5 Re5 29. Qg2 Qh4+ 30. Qh3 Qe7 31. Qf3 Qh4+ 32. Qh3 Qe4 33. Qg2 Rh5+
34. Kg1 Qe5 35. Qa8+ Nf8 36. Rfd1 Qg5+ 37. Qg2 axb4 38. axb4 Qe7 39. Rd5 f5 40.
Kf1 Qxb4 41. Rb5 Qd2 42. Qd5+ Qxd5 43. cxd5 Rh1+ 44. Ke2 Rxc1 45. Rxb6 Rc8 46.
f3 h5 47. e4 fxe4 48. fxe4 Be5 49. Kf3 Rc3+ 50. Kg2 Kg7 51. Rb7+ Rc7 52. Rb3
Rc2+ 53. Kg1 g5 54. Rb7+ Kh6 0-1

[Event "USCL Week 5"]
[Site "Internet Chess Club"]
[Date "2014.09.24"]
[Round "?"]
[White "Remlinger, Larry"]
[Black "Shmelov, Denys"]
[Result "1-0"]
[WhiteElo "2375"]
[BlackElo "2473"]
[PlyCount "77"]
[EventDate "2014.??.??"]

1. d4 Nf6 2. Nf3 g6 3. g3 Bg7 4. Bg2 O-O 5. O-O d5 6. c4 dxc4 7. Na3 c3 8. bxc3
c5 9. e3 Nc6 10. Bb2 Bf5 11. Qe2 Qb6 12. Rfe1 Rac8 13. d5 Na5 14. c4 Be4 15.
Bc3 Qa6 16. Nb5 e6 17. dxe6 fxe6 18. Red1 Bc6 19. Ng5 Bxg2 20. Kxg2 Rc6 21. e4
e5 22. h3 b6 23. Nf3 Qb7 24. Bxa5 bxa5 25. Nc3 Rb6 26. Rd2 Bh6 27. Rc2 Bg7 28.
Rd1 Nh5 29. Nd5 Rd6 30. Rb2 Qf7 31. Ng5 Qd7 32. Qg4 Qe8 33. Rb7 Nf6 34. Qh4 h6
35. Ne7+ Qxe7 36. Rxe7 Rxd1 37. Rxg7+ Kxg7 38. Ne6+ Kf7 39. Nxf8 1-0

[Event "USCL Week 5"]
[Site "Internet Chess Club"]
[Date "2014.09.24"]
[Round "?"]
[White "Esserman, Marc"]
[Black "Khachiyan, Melikset"]
[Result "1/2-1/2"]
[WhiteElo "2528"]
[BlackElo "2633"]
[PlyCount "79"]
[EventDate "2014.??.??"]

1. e4 e5 2. Nf3 Nc6 3. Bb5 f5 4. Nc3 fxe4 5. Nxe4 Nf6 6. Nxf6+ Qxf6 7. Qe2 Be7
8. Bxc6 dxc6 9. Nxe5 Bf5 10. d3 O-O 11. O-O Bd6 12. f4 Rae8 13. Bd2 Bxe5 14.
fxe5 Qxe5 15. Qxe5 Rxe5 16. Rae1 Rxe1 17. Rxe1 Kf7 18. Bf4 Rc8 19. b4 Be6 20.
a4 Ke7 21. Be5 g6 22. Re4 Bf5 23. Re3 Kd7 24. h3 h5 25. Bf6 Be6 26. Rg3 Rg8 27.
Kf2 b6 28. Ke3 c5 29. bxc5 bxc5 30. Rg5 c4 31. Rb5 cxd3 32. cxd3 a6 33. Ra5 Ra8
34. Rg5 Bf7 35. Re5 Kd6 36. Kd4 Re8 37. Rc5 c6 38. Be5+ Kd7 39. Ra5 Kc8 40. Rc5
1/2-1/2

[Event "USCL Week 5"]
[Site "Internet Chess Club"]
[Date "2014.09.24"]
[Round "?"]
[White "Milat, Marcel"]
[Black "Aaron, Deepak"]
[Result "1-0"]
[WhiteElo "2357"]
[BlackElo "2446"]
[PlyCount "111"]
[EventDate "2014.??.??"]

1. e4 e5 2. Nf3 Nc6 3. Nc3 Nf6 4. d4 exd4 5. Nd5 Nb4 6. Nxd4 Nfxd5 7. exd5 Bc5
8. Nb3 Qe7+ 9. Be2 c6 10. O-O Nxd5 11. Re1 d6 12. Nxc5 dxc5 13. Bg4 Be6 14.
Bxe6 fxe6 15. Qh5+ Kd7 16. c4 Nf6 17. Qe5 Ke8 18. Qxe6 Qxe6 19. Rxe6+ Kf7 20.
Re1 Rhe8 21. Rxe8 Rxe8 22. Be3 b6 23. Rd1 Re7 24. h3 Rd7 25. Rxd7+ Nxd7 26. Kf1
a6 27. Ke2 b5 28. Kd2 Ke6 29. b3 a5 30. Kc3 Ke5 31. Kd3 a4 32. bxa4 bxa4 33. g4
Kd6 34. Bf4+ Ke6 35. Bc7 Nf6 36. f4 g6 37. Bd8 Ne8 38. Ba5 h5 39. Bc3 hxg4 40.
hxg4 Nd6 41. Be5 Nf7 42. Ke4 Nh6 43. Kf3 Nf7 44. Bb8 Nd8 45. Ke4 Nb7 46. f5+
gxf5+ 47. gxf5+ Kf6 48. Bc7 a3 49. Kf4 Ke7 50. Kg4 Kf6 51. Kf4 Ke7 52. Ke5 Kd7
53. f6 Kxc7 54. f7 Nd6 55. f8=Q Nxc4+ 56. Ke6 1-0

[Event "USCL Week 5"]
[Site "Internet Chess Club"]
[Date "2014.09.24"]
[Round "?"]
[White "Ghatti, Sanjay"]
[Black "Golub, David"]
[Result "0-1"]
[WhiteElo "2245"]
[BlackElo "2270"]
[PlyCount "138"]
[EventDate "2014.??.??"]

1. e4 c5 2. Nf3 d6 3. d4 cxd4 4. Nxd4 Nf6 5. Nc3 a6 6. Be2 e5 7. Nb3 Be7 8. Bg5
Be6 9. Bxf6 Bxf6 10. Qd3 O-O 11. O-O Qc7 12. Nd5 Bxd5 13. Qxd5 Nd7 14. Rad1 Be7
15. c3 b5 16. Kh1 Rfd8 17. Bf3 Nb6 18. Qd3 Bg5 19. g3 Qc4 20. Be2 Na4 21. f4
Bf6 22. Qc2 Qc6 23. Na5 Qc7 24. Nc4 exf4 25. gxf4 d5 26. Ne3 dxe4 27. Nd5 Qd6
28. Qxe4 Nxb2 29. Rd2 Na4 30. Rfd1 Re8 31. Qf5 Nb6 32. Nxf6+ Qxf6 33. Qxf6 gxf6
34. Bf3 Rab8 35. Rd6 Re6 36. f5 Rxd6 37. Rxd6 Kg7 38. Bd1 a5 39. Be2 Na4 40.
Rd3 Rb7 41. Rg3+ Kf8 42. Kg2 Rc7 43. Bxb5 Nxc3 44. a4 Nxb5 45. axb5 Rc2+ 46.
Kh3 Rb2 47. Kg4 Rxb5 48. Ra3 Kg7 49. Kf4 Rb4+ 50. Kg3 a4 51. Kg2 h5 52. Kf2 Kh6
53. Rg3 Rf4+ 54. Ke3 Rxf5 55. Rg8 Ra5 56. Rh8+ Kg7 57. Rd8 a3 58. Rd1 a2 59.
Ra1 Kg6 60. Kf4 Ra4+ 61. Kf3 Kf5 62. Ke3 h4 63. Kf3 Ra3+ 64. Kg2 Kg4 65. h3+
Kg5 66. Kh2 f5 67. Kg2 f4 68. Kh2 Kf5 69. Kg2 Ke4 0-1

[Event "USCL Week 5"]
[Site "Internet Chess Club"]
[Date "2014.09.24"]
[Round "?"]
[White "Studen, Damir"]
[Black "Sang, Tian"]
[Result "1/2-1/2"]
[WhiteElo "2372"]
[BlackElo "2325"]
[PlyCount "124"]
[EventDate "2014.??.??"]

1. d4 f5 2. c4 Nf6 3. Nc3 e6 4. a3 c6 5. d5 cxd5 6. cxd5 e5 7. e4 f4 8. Nf3 d6
9. Bb5+ Kf7 10. g3 a6 11. Be2 fxg3 12. fxg3 h6 13. O-O Be7 14. Nh4 g6 15. Be3
Kg7 16. Bf3 Nbd7 17. Qe2 Rf8 18. Rac1 Nh7 19. Qd2 Bg5 20. Ng2 Nc5 21. Qc2 Bh3
22. Rce1 Rc8 23. Bxc5 Rxc5 24. Qe2 Qd7 25. Rf2 Bd8 26. Ne3 Bb6 27. Bg2 Rcc8 28.
Ref1 Rxf2 29. Qxf2 Rf8 30. Nf5+ Qxf5 31. exf5 Bxf2+ 32. Rxf2 Bxg2 33. fxg6 Rxf2
34. Kxf2 Bxd5 35. Nxd5 Kxg6 36. Kf3 Nf6 37. Ne7+ Kh7 38. Nf5 d5 39. Nd6 b6 40.
Nc8 b5 41. Ne7 Kg7 42. Nc6 e4+ 43. Kf4 Kf7 44. Kf5 Nd7 45. Nb4 Nb6 46. Nxa6 Nc4
47. Kf4 Ke6 48. Nc7+ Kd6 49. Nxb5+ Kc5 50. Nc3 Nxb2 51. Nxe4+ dxe4 52. Kxe4 Kd6
53. Kf5 Nc4 54. Kg6 Nxa3 55. Kxh6 Nc4 56. Kg6 Ke6 57. h4 Ne5+ 58. Kg7 Kf5 59.
h5 Ng4 60. h6 Nxh6 61. Kxh6 Kg4 62. Kg6 Kxg3 1/2-1/2

[Event "USCL Week 5"]
[Site "Internet Chess Club"]
[Date "2014.09.24"]
[Round "?"]
[White "Quang Liem, Le"]
[Black "Diulger, Alexey"]
[Result "1-0"]
[WhiteElo "2778"]
[BlackElo "2421"]
[PlyCount "102"]
[EventDate "2014.??.??"]

1. d4 d5 2. c4 e6 3. Nf3 c6 4. Bg5 Be7 5. Bxe7 Qxe7 6. e3 f5 7. Nc3 Nf6 8. Bd3
O-O 9. Qc2 Ne4 10. O-O Nd7 11. Rac1 Kh8 12. a3 a5 13. Nd2 Ndf6 14. Na4 Nd7 15.
Nxe4 fxe4 16. Be2 Rb8 17. Qd2 dxc4 18. Qxa5 b5 19. Nc3 e5 20. Qc7 exd4 21. exd4
Qe6 22. Qg3 b4 23. axb4 Rxb4 24. Nd1 c5 25. dxc5 Nxc5 26. Qa3 Qb6 27. Rxc4 Rxc4
28. Bxc4 Bb7 29. Qe3 Qc6 30. Nc3 Rd8 31. Rd1 Nd3 32. Bb5 Qg6 33. Qg3 Qxg3 34.
hxg3 g5 35. f3 Rf8 36. Nxe4 Bxe4 37. Bxd3 Bxd3 38. Rxd3 Rb8 39. b3 Kg7 40. g4
Ra8 41. Rd1 Rb8 42. Rb1 Rb4 43. Kf2 Kf6 44. Ke3 Ke5 45. Rb2 h6 46. Rb1 Kd5 47.
Kd3 Kc5 48. Kc3 Rb6 49. b4+ Kb5 50. Re1 Rc6+ 51. Kb3 Rd6 1-0

[Event "USCL Week 5"]
[Site "Internet Chess Club"]
[Date "2014.09.24"]
[Round "?"]
[White "Collyer, Curt"]
[Black "Martinez, Leo"]
[Result "0-1"]
[WhiteElo "2302"]
[BlackElo "2266"]
[PlyCount "128"]
[EventDate "2014.??.??"]

1. d4 d5 2. c4 Nc6 3. Nf3 Bg4 4. Nc3 e6 5. e3 Nf6 6. a3 a6 7. Bd2 Be7 8. Rc1
O-O 9. cxd5 exd5 10. Be2 Ne4 11. Qc2 Nxc3 12. Qxc3 Qd7 13. h3 Bf5 14. Bd1 Be4
15. O-O Rfc8 16. Ne1 Nd8 17. Nd3 Bf5 18. Bf3 c6 19. Qb3 Bd6 20. Nc5 Qe7 21. Qd1
Ne6 22. Nxe6 Qxe6 23. Bg4 Bxg4 24. Qxg4 f5 25. Qd1 Rf8 26. Qb3 Rf7 27. Rce1 Re8
28. Qd3 Bb8 29. g3 Qg6 30. Kh2 Re6 31. Rg1 Qh5 32. Qe2 Qxe2 33. Rxe2 f4 34.
gxf4 Rxf4 35. Kg2 Rxd4 36. Bc3 Rde4 37. Kf1 g6 38. Rg4 Kf7 39. Rxe4 Rxe4 40.
Kg2 Ba7 41. Rd2 Ke6 42. Kf3 Kf5 43. Rd1 h5 44. Kg2 g5 45. Rd3 Bc5 46. Rd1 Rc4
47. Rd3 Ke4 48. Rd1 Bxa3 49. Bf6 Kf5 50. Bg7 Bc5 51. Rd2 a5 52. Kf1 Rc1+ 53.
Kg2 a4 54. Bc3 b5 55. Bg7 b4 56. Re2 b3 57. Kf3 Bd6 58. e4+ dxe4+ 59. Rxe4 a3
60. bxa3 Bxa3 61. Re2 Rc2 62. Re3 Bc5 63. Re2 g4+ 64. hxg4+ hxg4+ 0-1

[Event "USCL Week 5"]
[Site "Internet Chess Club"]
[Date "2014.09.24"]
[Round "?"]
[White "Adamson, Robby"]
[Black "Sharevich, Anna"]
[Result "1-0"]
[WhiteElo "2347"]
[BlackElo "2367"]
[PlyCount "119"]
[EventDate "2014.??.??"]

1. e4 c5 2. Nf3 e6 3. d4 cxd4 4. Nxd4 a6 5. Bd3 Qc7 6. O-O Nf6 7. Qe2 d6 8. c4
g6 9. Nc3 Bg7 10. Rd1 O-O 11. Nf3 Nc6 12. Bf4 Nd7 13. Bc2 Nde5 14. Rac1 Qe7 15.
Be3 Ng4 16. Bb6 Nge5 17. Bb3 Bd7 18. Ne1 Bh6 19. Be3 Bxe3 20. Qxe3 Rfd8 21. f4
Ng4 22. Qb6 Be8 23. h3 Nf6 24. Rd2 Rab8 25. Rcd1 e5 26. f5 Nd4 27. Nc2 Nxc2 28.
Bxc2 Bc6 29. b4 gxf5 30. exf5 Rbc8 31. Qe3 b5 32. Bb3 Kh8 33. cxb5 axb5 34. Bd5
Bxd5 35. Nxd5 Nxd5 36. Rxd5 Rc2 37. R1d2 Rxd2 38. Qxd2 e4 39. Qd4+ f6 40. Kf2
Ra8 41. Rxd6 e3+ 42. Ke1 Qe5 43. Qxe5 fxe5 44. Rd5 Rxa2 45. g4 Rh2 46. Rxb5
Rxh3 47. Rxe5 Rh1+ 48. Ke2 Rb1 49. b5 Rb3 50. g5 Kg7 51. Re7+ Kg8 52. Rb7 Rb4
53. b6 Rb5 54. Rb8+ Kg7 55. b7 Rb2+ 56. Kxe3 Rb3+ 57. Kd2 Rb2+ 58. Kc3 Rb5 59.
f6+ Kf7 60. Rh8 1-0

[Event "USCL Week 6"]
[Site "Internet Chess Club"]
[Date "2014.09.30"]
[Round "?"]
[White "Quang Liem, Le"]
[Black "Bregadze, Levan"]
[Result "1-0"]
[WhiteElo "2778"]
[BlackElo "2530"]
[PlyCount "65"]
[EventDate "2014.??.??"]

1. d4 Nf6 2. c4 g6 3. Nc3 Bg7 4. e4 d6 5. Nf3 O-O 6. Be2 Bg4 7. Be3 Nbd7 8. h3
Bxf3 9. Bxf3 e5 10. d5 Ne8 11. h4 f5 12. h5 a5 13. Qe2 a4 14. O-O-O a3 15. b3
Nc5 16. Kb1 Nf6 17. hxg6 hxg6 18. exf5 e4 19. Bxc5 dxc5 20. fxg6 Qd6 21. Bg4
Nxg4 22. Qxg4 Rxf2 23. Nxe4 Qe5 24. Qe6+ Qxe6 25. dxe6 Rb2+ 26. Kc1 Bd4 27.
Rxd4 cxd4 28. Rh7 Rf8 29. Rf7 Rxf7 30. exf7+ Kg7 31. Nc5 Re2 32. Nd7 Rf2 33. c5
1-0

[Event "USCL Week 6"]
[Site "Internet Chess Club"]
[Date "2014.09.30"]
[Round "?"]
[White "Holt, Conrad"]
[Black "Stukopin, Andrey"]
[Result "1/2-1/2"]
[WhiteElo "2664"]
[BlackElo "2631"]
[PlyCount "82"]
[EventDate "2014.??.??"]

1. d4 d5 2. c4 dxc4 3. e3 Nf6 4. Bxc4 e6 5. Nf3 a6 6. O-O c5 7. dxc5 Qxd1 8.
Rxd1 Bxc5 9. Be2 O-O 10. Nbd2 Rd8 11. Ne5 b6 12. Nec4 Bb7 13. Nb3 Rxd1+ 14.
Bxd1 Bd5 15. Be2 Bxc4 16. Bxc4 Be7 17. Bd2 Ra7 18. Be2 Rc7 19. Bc3 Nfd7 20. Rd1
Bf6 21. Bxf6 gxf6 22. Kf1 f5 23. Ke1 Kf8 24. h3 Ke7 25. Rd4 Rc2 26. Rd2 Rxd2
27. Kxd2 Kd6 28. Kc3 Nf6 29. Nd2 Nd5+ 30. Kb3 Nd7 31. Nc4+ Ke7 32. Bf3 Nc5+ 33.
Ka3 Ne4 34. Bxe4 fxe4 35. Kb3 b5 36. Ne5 f5 37. a4 Kd6 38. Nf7+ Ke7 39. Ne5 Kd6
40. Nf7+ Ke7 41. Ne5 Kd6 1/2-1/2

[Event "USCL Week 6"]
[Site "Internet Chess Club"]
[Date "2014.09.30"]
[Round "?"]
[White "Wilkins, Jacob"]
[Black "Zheng, Andrew"]
[Result "0-1"]
[WhiteElo "1909"]
[BlackElo "2208"]
[PlyCount "102"]
[EventDate "2014.??.??"]

1. Nf3 e6 2. c4 d5 3. cxd5 exd5 4. d4 Nf6 5. Bg5 Be7 6. e3 O-O 7. Bd3 h6 8. Bh4
Bg4 9. O-O Nbd7 10. Nbd2 c6 11. Rc1 Ne4 12. Bxe7 Qxe7 13. Re1 Rae8 14. Nf1 Qf6
15. Be2 Re7 16. Ng3 Rd8 17. Nxe4 dxe4 18. Nd2 Bxe2 19. Qxe2 c5 20. Nb3 cxd4 21.
Nxd4 Ne5 22. Rc3 Nd3 23. Rd1 Qb6 24. Rb3 Qg6 25. Qf1 Rc8 26. f4 Rec7 27. Ne2
Rc2 28. Rb1 Qg4 29. Rc3 R8xc3 30. Nxc3 Nxb2 31. Nxe4 Qe6 32. Qf3 Qxa2 33. Rf1
Qe6 34. f5 Qe5 35. f6 g6 36. Ng3 Rc6 37. h4 h5 38. e4 Nc4 39. Qd3 Qc5+ 40. Kh1
Rd6 41. Qc3 b5 42. Qc1 Qe3 43. Qxe3 Nxe3 44. Rf3 Nc4 45. Ne2 b4 46. Rb3 a5 47.
Kg1 Rxf6 48. Nd4 Rd6 49. Nc2 Rd2 50. Nxb4 axb4 51. Rxb4 Ne3 0-1

[Event "USCL Week 6"]
[Site "Internet Chess Club"]
[Date "2014.09.30"]
[Round "?"]
[White "Huschenbeth, Niclas"]
[Black "So, Wesley"]
[Result "1/2-1/2"]
[WhiteElo "2603"]
[BlackElo "2751"]
[PlyCount "120"]
[EventDate "2014.??.??"]

1. e4 c5 2. Nf3 d6 3. d4 cxd4 4. Nxd4 Nf6 5. Nc3 a6 6. Bg5 Nbd7 7. Bc4 Qb6 8.
Bb3 e6 9. Bxf6 Nxf6 10. f4 Qc5 11. Qd3 b5 12. O-O-O Be7 13. Rhe1 O-O 14. e5
dxe5 15. fxe5 Ne8 16. Qg3 Bb7 17. Ne4 Bxe4 18. Rxe4 a5 19. a4 Nc7 20. Rg4 g6
21. h4 Kh8 22. Rh1 Rfd8 23. c3 f5 24. exf6 Bxf6 25. Nxe6 Nxe6 26. Bxe6 b4 27.
h5 g5 28. Rc4 Qe7 29. Bf5 bxc3 30. Qc7 Qe3+ 31. Kb1 Ra7 32. Rxc3 Rxc7 33. Rxe3
Rb8 34. b3 Rc4 35. Rhe1 Rxa4 36. Re8+ Kg7 37. h6+ Kf7 38. Rxb8 Ra1+ 39. Kc2
Rxe1 40. Bxh7 Re2+ 41. Kd3 Rxg2 42. Bf5 Rh2 43. Rb7+ Be7 44. h7 g4 45. Rb8 Bf6
46. Rb7+ Be7 47. Ke3 g3 48. Kf3 g2 49. Kf2 Kf6 50. h8=Q+ Rxh8 51. Kxg2 Bd6 52.
Rb6 Kxf5 53. Rxd6 Ke4 54. Ra6 Rh5 55. b4 axb4 56. Rb6 Rg5+ 57. Kf2 Rf5+ 58. Ke2
Rd5 59. Rxb4+ Rd4 60. Rxd4+ Kxd4 1/2-1/2

[Event "USCL Week 6"]
[Site "Internet Chess Club"]
[Date "2014.09.30"]
[Round "?"]
[White "Salazar, Aura"]
[Black "Ramachandran, Karthik"]
[Result "1-0"]
[WhiteElo "2183"]
[BlackElo "2257"]
[PlyCount "127"]
[EventDate "2014.??.??"]

1. e4 c5 2. Nf3 d6 3. d4 cxd4 4. Nxd4 Nf6 5. Nc3 a6 6. Be3 e5 7. Nf3 Be7 8. Bc4
O-O 9. O-O Qc7 10. Bb3 b5 11. Bg5 Bb7 12. Bxf6 Bxf6 13. Nd5 Bxd5 14. Bxd5 Nc6
15. c3 Rab8 16. Qd3 Ne7 17. Rfd1 Nxd5 18. Qxd5 Be7 19. Ne1 Rb6 20. Nc2 Bg5 21.
Qd3 a5 22. Na3 Qc5 23. c4 b4 24. Nb5 Rc6 25. b3 Bd8 26. Qf3 Re8 27. Rd5 Qb6 28.
Rad1 Re6 29. Qe2 Be7 30. g3 g6 31. Qg4 Qb8 32. R1d3 h5 33. Qd1 Rf6 34. Rf3 Rxf3
35. Qxf3 Kg7 36. Qe3 Ra6 37. Qd2 Kf6 38. Qd3 Rc6 39. f4 Qb6+ 40. Kg2 exf4 41.
gxf4 Kg7 42. Qd4+ Qxd4 43. Nxd4 Ra6 44. e5 dxe5 45. fxe5 a4 46. c5 axb3 47.
axb3 Ra1 48. c6 Rc1 49. Rd7 Kf8 50. Rb7 Bd8 51. e6 f5 52. Rxb4 Bf6 53. Rc4 Rxc4
54. bxc4 Be5 55. Nb5 Ke7 56. c7 Bxc7 57. Nxc7 Kd6 58. Nd5 Kxe6 59. Nf4+ Kd6 60.
Nxg6 Kc5 61. Kf3 Kxc4 62. Kf4 Kd3 63. Kxf5 Ke3 64. h4 1-0

[Event "USCL Week 6"]
[Site "Internet Chess Club"]
[Date "2014.09.30"]
[Round "?"]
[White "Guadalupe II, Francisco"]
[Black "Nemcova, Katerina"]
[Result "1/2-1/2"]
[WhiteElo "2351"]
[BlackElo "2362"]
[PlyCount "85"]
[EventDate "2014.??.??"]

1. e4 e5 2. Nf3 Nc6 3. Bb5 f5 4. Nc3 fxe4 5. Nxe4 Nf6 6. Nxf6+ Qxf6 7. Qe2 Be7
8. Bxc6 dxc6 9. Nxe5 O-O 10. O-O Bd6 11. f4 Bf5 12. d4 Bxe5 13. dxe5 Qg6 14.
Rf2 Rad8 15. Be3 b6 16. Re1 h5 17. Kh1 Kh8 18. h3 Rd5 19. Kh2 h4 20. Qf3 Kg8
21. Rfe2 Bxc2 22. Rd2 Bf5 23. Rxd5 Be4 24. Qg4 cxd5 25. Qxg6 Bxg6 26. b4 d4 27.
Bxd4 Rxf4 28. Rd1 Re4 29. Rd2 Kf7 30. a3 Ke6 31. Bf2 Bf7 32. Kg1 g5 33. Bd4 Bh5
34. Kf2 a5 35. bxa5 bxa5 36. Bc3 a4 37. Bd4 g4 38. hxg4 Bxg4 39. Bb2 Kf5 40.
Rc2 Bd1 41. Rd2 Bg4 42. Rc2 c5 43. Bc1 1/2-1/2

[Event "USCL Week 6"]
[Site "Internet Chess Club"]
[Date "2014.09.30"]
[Round "?"]
[White "Cornejo, Max"]
[Black "Xiong, Jeffery"]
[Result "1-0"]
[WhiteElo "2467"]
[BlackElo "2542"]
[PlyCount "109"]
[EventDate "2014.??.??"]

1. e4 Nf6 2. e5 Nd5 3. d4 d6 4. exd6 exd6 5. c4 Nb6 6. Bd3 Be7 7. Ne2 Nc6 8.
Nbc3 Bg4 9. f3 Bh5 10. O-O O-O 11. b3 Bf6 12. Be3 Re8 13. Qd2 d5 14. c5 Nc8 15.
Rae1 Bg6 16. Bb5 N8e7 17. Kh1 Nf5 18. Bf2 h5 19. Bxc6 bxc6 20. Nf4 Bg5 21.
Rxe8+ Qxe8 22. Nce2 a5 23. Qc3 Qb8 24. a4 Qb7 25. Nxg6 fxg6 26. Qd3 Qa6 27.
Qxa6 Rxa6 28. g4 hxg4 29. fxg4 Ne3 30. Rg1 Nc2 31. h4 Be3 32. Bxe3 Nxe3 33. Nf4
Kf7 34. Nd3 Nc2 35. Ne5+ Ke6 36. Nf3 Ra8 37. Rc1 Nb4 38. Re1+ Kf7 39. Ne5+ Kg8
40. Re2 Re8 41. Rf2 Re6 42. Kg2 Na6 43. Re2 Nb4 44. Kf3 Na6 45. Nd7 Kf7 46.
Ne5+ Kg8 47. g5 Kf8 48. Kg4 Kg8 49. Kf3 Kf8 50. Nxg6+ Rxg6 51. Kg4 Nb4 52. h5
Kf7 53. hxg6+ Kxg6 54. Re7 Nc2 55. Re6+ 1-0